[Event "Sivakasi Mahalingam Cup"]
[Site "Sivakasi"]
[Date "2023.07.23"]
[Round "5"]
[White "Sa, Kannan"]
[Black "Aadik, Theophane Lenin"]
[Result "1-0"]
[WhiteElo "1820"]
[BlackElo "1621"]
[PlyCount "61"]
[EventDate "2023.07.21"]
[EventType "swiss"]
[EventRounds "9"]
[EventCountry "IND"]
[SourceTitle "EXT 2024"]
[Source "ChessBase"]
[SourceDate "2023.10.10"]
[SourceVersion "1"]
[SourceVersionDate "2023.10.10"]
[SourceQuality "1"]

1. d4 Nf6 2. Nf3 g6 3. Nc3 d5 4. Bf4 Bf5 5. Ne5 Bg7 6. Qd2 h5 7. f3 c6 8. 0-0-0 Nbd7 9. e3 Nxe5 10. Bxe5 Kf8 11. Be2 Nd7 12. Bxg7+ Kxg7 13. e4 Be6 14. Qg5 f6 15. Qe3 Bf7 16. h4 e6 17. g4 b5 18. Bd3 b4 19. Ne2 Qa5 20. gxh5 gxh5 21. Rhg1+ Kf8 22. Kb1 e5 23. b3 c5 24. dxe5 c4 25. Bxc4 dxc4 26. Rxd7 Qxe5 27. f4 Qb5 28. Qd4 Qb6 29. Rxf7+ Kxf7 30. Qd7+ Kf8 31. Qg7+ 1-0

[Event "IND-chT 41st"]
[Site "Jalgaon"]
[Date "2022.04.10"]
[Round "4.1"]
[White "Sa, Kannan"]
[Black "Harsha, Bharathakoti"]
[Result "0-1"]
[WhiteElo "1923"]
[BlackElo "2554"]
[PlyCount "126"]
[EventDate "2022.04.08"]
[EventType "team-swiss"]
[EventRounds "9"]
[EventCountry "IND"]
[SourceTitle "CBM 208 Extra"]
[Source "ChessBase"]
[SourceDate "2022.07.31"]
[SourceVersion "1"]
[SourceVersionDate "2022.07.31"]
[SourceQuality "1"]
[WhiteTeam "Tamil Nadu"]
[BlackTeam "Airports Authority"]
[WhiteTeamCountry "IND"]
[BlackTeamCountry "IND"]

1. d4 Nf6 2. Nf3 e6 3. Bg5 c5 4. e3 h6 5. Bh4 d5 6. c3 Nbd7 7. Nbd2 Bd6 8. Qc2 Qc7 9. e4 cxd4 10. Nxd4 Bc5 11. Bg3 Qb6 12. Nb5 0-0 13. b4 Be7 14. Nc7 Rb8 15. a4 Bd6 16. Nb5 Bxg3 17. hxg3 Ng4 18. Nb3 a6 19. a5 Qd8 20. N5d4 e5 21. Nf3 dxe4 22. Qxe4 Ndf6 23. Qc2 Qc7 24. Nc5 e4 25. Nd4 e3 26. f4 Nf2 27. Rh4 N2e4 28. Nxe4 Nxe4 29. Rc1 Nxg3 30. Bd3 Re8 31. Ne2 Qe7 32. Rh2 Qf6 33. Nxg3 Qxf4 34. Nf1 e2 35. Bxe2 Rxe2+ 36. Qxe2 Qxc1+ 37. Kf2 Be6 38. Qd2 Qa1 39. g4 Rc8 40. Rh3 Bxg4 41. Rg3 h5 42. Nh2 Bf5 43. Qd4 Qa2+ 44. Kg1 Bg6 45. Nf3 Qa1+ 46. Kh2 Qxc3 47. Qd5 Qc2+ 48. Nd2 Qc7 49. Nf3 Qf4 50. Qe5 Rc2+ 51. Kg1 Qxe5 52. Nxe5 Rb2 53. Rc3 Rxb4 54. Rc8+ Kh7 55. Kf2 f6 56. Nc4 h4 57. Rc7 Be4 58. Kg1 Rb1+ 59. Kf2 Rc1 60. Rc8 h3 61. Kg3 Rc3+ 62. Kh2 Rc2+ 63. Kg3 h2 0-1

[Event "IND-chT 40th"]
[Site "Ahmedabad"]
[Date "2020.02.08"]
[Round "3.5"]
[White "Das, Susobhit"]
[Black "Sa, Kannan"]
[Result "1-0"]
[WhiteElo "1846"]
[BlackElo "1936"]
[PlyCount "69"]
[EventDate "2020.02.07"]
[EventType "team-swiss"]
[EventRounds "9"]
[EventCountry "IND"]
[SourceTitle "CBM 194 Extra"]
[Source "ChessBase"]
[SourceDate "2020.03.31"]
[SourceVersion "1"]
[SourceVersionDate "2020.03.31"]
[SourceQuality "1"]
[WhiteTeam "Odisha II"]
[BlackTeam "Tamil Nadu"]
[WhiteTeamCountry "IND"]
[BlackTeamCountry "IND"]

1. d4 d5 2. c4 e6 3. Nc3 Nf6 4. cxd5 exd5 5. Bg5 c6 6. Qc2 Be7 7. e3 0-0 8. Bd3 Nbd7 9. h3 Re8 10. Nf3 Nf8 11. 0-0-0 b5 12. Kb1 a5 13. Rc1 Bb7 14. Ne5 N6d7 15. Bf4 Nxe5 16. Bxe5 a4 17. g4 Bd6 18. Bxd6 Qxd6 19. h4 Ra5 20. g5 Rea8 21. Ne2 b4 22. Qd2 Nd7 23. h5 Nb6 24. g6 fxg6 25. hxg6 h6 26. Ng3 Ba6 27. Nf5 Qf8 28. Rxc6 Nc4 29. Qe2 b3 30. a3 Bb5 31. Rc7 Qxf5 32. Bxf5 Nxa3+ 33. bxa3 Bxe2 34. Be6+ Kf8 35. Rxh6 1-0

[Event "Chennai op 12th"]
[Site "Chennai"]
[Date "2020.01.19"]
[Round "2"]
[White "Sa, Kannan"]
[Black "Rozum, Ivan"]
[Result "0-1"]
[WhiteElo "2022"]
[BlackElo "2573"]
[PlyCount "74"]
[EventDate "2020.01.18"]
[EventType "swiss"]
[EventRounds "10"]
[EventCountry "IND"]
[SourceTitle "CBM 194 Extra"]
[Source "ChessBase"]
[SourceDate "2020.03.31"]
[SourceVersion "1"]
[SourceVersionDate "2020.03.31"]
[SourceQuality "1"]

1. d4 Nf6 2. Nh3 d6 3. g3 g6 4. f3 Bg7 5. Nf2 0-0 6. e4 Nbd7 7. Be2 e5 8. d5 Ne8 9. h4 f5 10. h5 f4 11. g4 gxh5 12. Rxh5 Bf6 13. Rh2 Bh4 14. Kd2 Bg3 15. Rg2 Ng7 16. Qg1 h5 17. Rxg3 fxg3 18. Qxg3 hxg4 19. Nxg4 Nf6 20. Nxf6+ Qxf6 21. Kc3 c6 22. Na3 cxd5 23. Bg5 Qg6 24. Rg1 Be6 25. Qh2 Qh7 26. Qxh7+ Kxh7 27. exd5 Bxd5 28. Bd3+ Kh8 29. Nb5 Rxf3 30. Kd2 Ne8 31. Nc3 Bc6 32. Rh1+ Kg8 33. Bc4+ Kg7 34. Bh6+ Kg6 35. Nd5 Rg3 36. Rh2 Bxd5 37. Bxd5 Nf6 0-1

[Event "New Delhi Parsvnath blitz op 18th"]
[Site "New Delhi"]
[Date "2020.01.14"]
[Round "6"]
[White "Garv, Gaur"]
[Black "Sa, Kannan"]
[Result "1-0"]
[WhiteElo "1888"]
[BlackElo "2022"]
[PlyCount "77"]
[EventDate "2020.01.14"]
[EventType "swiss (blitz)"]
[EventRounds "9"]
[EventCountry "IND"]
[SourceTitle "CBM 194 Extra"]
[Source "ChessBase"]
[SourceDate "2020.03.31"]
[SourceVersion "1"]
[SourceVersionDate "2020.03.31"]
[SourceQuality "1"]

1. d4 d5 2. Nf3 Nf6 3. c4 e6 4. g3 Ne4 5. cxd5 exd5 6. Bg2 f5 7. 0-0 Nd7 8. Nc3 Ndf6 9. Ne5 c6 10. f3 Nxc3 11. bxc3 Bd6 12. Nd3 0-0 13. Bf4 Re8 14. Bxd6 Qxd6 15. Ne5 Be6 16. Rb1 b6 17. Qa4 c5 18. e3 Nd7 19. f4 Nf6 20. Qa3 Rec8 21. c4 Ne4 22. Bxe4 dxe4 23. d5 Bd7 24. Qc3 Rf8 25. Rfd1 Be8 26. Qd2 Bh5 27. Rf1 g5 28. Qg2 gxf4 29. gxf4+ Kh8 30. Qh3 Rg8+ 31. Kh1 Bg6 32. Rg1 Raf8 33. Rg5 Rf6 34. Rbg1 b5 35. Rxg6 Rfxg6 36. Rxg6 Rxg6 37. Nf7+ Kg7 38. Nxd6 bxc4 39. Nxc4 1-0

[Event "New Delhi Parsvnath blitz op 18th"]
[Site "New Delhi"]
[Date "2020.01.14"]
[Round "8"]
[White "Nehete, Arnav"]
[Black "Sa, Kannan"]
[Result "0-1"]
[WhiteElo "1712"]
[BlackElo "2022"]
[PlyCount "84"]
[EventDate "2020.01.14"]
[EventType "swiss (blitz)"]
[EventRounds "9"]
[EventCountry "IND"]
[SourceTitle "CBM 194 Extra"]
[Source "ChessBase"]
[SourceDate "2020.03.31"]
[SourceVersion "1"]
[SourceVersionDate "2020.03.31"]
[SourceQuality "1"]

1. d4 d5 2. c4 e6 3. Nc3 Nf6 4. cxd5 exd5 5. Bg5 Nbd7 6. e3 c6 7. Bd3 Be7 8. Qc2 Nh5 9. Bxe7 Qxe7 10. 0-0-0 g6 11. h3 Ng7 12. g4 h5 13. Nf3 Nf8 14. Ne5 Be6 15. f4 hxg4 16. hxg4 Rxh1 17. Rxh1 0-0-0 18. f5 f6 19. Nxc6 bxc6 20. fxe6 Qxe6 21. Ba6+ Kd7 22. Qe2 Re8 23. Kd2 Qd6 24. Qd3 Nge6 25. Rf1 Ng5 26. Kc2 Rb8 27. Na4 Ne4 28. Nc3 Qb4 29. Rb1 Nxc3 30. bxc3 Qa4+ 31. Kc1 Qa3+ 32. Kc2 Qxa2+ 33. Kc1 Rxb1+ 34. Qxb1 Qxa6 35. Qb4 Ne6 36. Qb3 Qf1+ 37. Kb2 Qb5 38. Qxb5 cxb5 39. Kb3 g5 40. Kb4 Kc6 41. Ka5 Ng7 42. Ka6 f5 0-1

[Event "New Delhi Parsvnath blitz op 18th"]
[Site "New Delhi"]
[Date "2020.01.14"]
[Round "9"]
[White "Sa, Kannan"]
[Black "Saptarshi, Roy Chowdhury"]
[Result "1-0"]
[WhiteElo "2022"]
[BlackElo "2460"]
[PlyCount "96"]
[EventDate "2020.01.14"]
[EventType "swiss (blitz)"]
[EventRounds "9"]
[EventCountry "IND"]
[SourceTitle "CBM 194 Extra"]
[Source "ChessBase"]
[SourceDate "2020.03.31"]
[SourceVersion "1"]
[SourceVersionDate "2020.03.31"]
[SourceQuality "1"]

1. d4 d5 2. c4 e6 3. Nc3 c6 4. e3 Nf6 5. Nf3 Nbd7 6. Bd3 dxc4 7. Bxc4 b5 8. Bd3 a6 9. 0-0 c5 10. dxc5 Nxc5 11. Bc2 Qc7 12. Bd2 Bb7 13. Rc1 Rd8 14. b4 Ncd7 15. Qe2 Bd6 16. a4 Bxf3 17. gxf3 Ne5 18. f4 Nc4 19. Ne4 Nxd2 20. Nxd2 Qb7 21. axb5 axb5 22. Nb3 0-0 23. Na5 Qb6 24. Bb1 Rc8 25. Qd2 Nd5 26. Rxc8 Rxc8 27. Rd1 Bxb4 28. Qd3 g6 29. Nb3 Nc3 30. Rc1 Rd8 31. Nd4 Nxb1 32. Rxb1 Bc5 33. Qxb5 Qxb5 34. Nxb5 h5 35. Rb2 h4 36. h3 Kg7 37. Kg2 Kf6 38. Kf3 Rd1 39. Rc2 Be7 40. Nd4 Rh1 41. Kg2 Ra1 42. Rc7 Ra8 43. Nf3 Bd6 44. Rb7 Rb8 45. Rd7 Rb6 46. Nxh4 e5 47. fxe5+ Bxe5 48. f4 Bb2 1-0

[Event "New Delhi Parsvnath blitz op 18th"]
[Site "New Delhi"]
[Date "2020.01.14"]
[Round "7"]
[White "Sa, Kannan"]
[Black "Varshith, Nela"]
[Result "1-0"]
[WhiteElo "2022"]
[BlackElo "1588"]
[PlyCount "79"]
[EventDate "2020.01.14"]
[EventType "swiss (blitz)"]
[EventRounds "9"]
[EventCountry "IND"]
[SourceTitle "CBM 194 Extra"]
[Source "ChessBase"]
[SourceDate "2020.03.31"]
[SourceVersion "1"]
[SourceVersionDate "2020.03.31"]
[SourceQuality "1"]

1. d4 Nf6 2. Nf3 g6 3. Nc3 d5 4. Bf4 Bg7 5. Qd2 c5 6. e3 Nc6 7. Bd3 a6 8. 0-0 0-0 9. dxc5 Nh5 10. Be2 Nxf4 11. exf4 d4 12. Ne4 Qd5 13. Bd3 Bf5 14. Rfe1 Bxe4 15. Rxe4 Qxc5 16. Rae1 e6 17. a3 b5 18. h3 Rfe8 19. g3 Rad8 20. Qe2 Ne7 21. Nd2 Nf5 22. Nb3 Qc7 23. Qd2 Nd6 24. R4e2 Nc4 25. Qc1 Qd7 26. Nc5 Qc6 27. Nb3 Qd7 28. Be4 Nd6 29. Bd3 Nc4 30. Be4 Nd6 31. Bf3 Nc4 32. Nc5 Qa7 33. Nd3 Rc8 34. h4 Red8 35. h5 Nd6 36. Kg2 Nc4 37. Rh1 Qc7 38. Qg1 Nd6 39. Qh2 Kf8 40. hxg6 1-0

[Event "Madurai Athens of the East op 1st"]
[Site "Madurai"]
[Date "2019.08.13"]
[Round "4"]
[White "Sa, Kannan"]
[Black "Triapishko, Alexandr"]
[Result "0-1"]
[WhiteElo "2021"]
[BlackElo "2519"]
[PlyCount "86"]
[EventDate "2019.08.11"]
[EventType "swiss"]
[EventRounds "10"]
[EventCountry "IND"]
[SourceTitle "CBM 191 Extra"]
[Source "ChessBase"]
[SourceDate "2019.09.30"]
[SourceVersion "1"]
[SourceVersionDate "2019.09.30"]
[SourceQuality "1"]

1. d4 Nf6 2. Nf3 g6 3. Nc3 d5 4. Bf4 Bg7 5. Qd2 c5 6. e3 Nc6 7. Bb5 0-0 8. Bxc6 bxc6 9. Be5 cxd4 10. exd4 Bg4 11. Qf4 Bxf3 12. Qxf3 Nd7 13. Bxg7 Kxg7 14. 0-0-0 e6 15. Ne2 Qf6 16. Qxf6+ Kxf6 17. h4 c5 18. h5 g5 19. g4 h6 20. c3 Kg7 21. f4 c4 22. fxg5 hxg5 23. Rdg1 Nf6 24. Ng3 Kh6 25. Nf1 Ne4 26. Ne3 Rad8 27. Rh3 f5 28. Rf3 f4 29. Nf1 e5 30. dxe5 Rfe8 31. Nd2 Rxe5 32. Rd1 Rde8 33. Rff1 Nf6 34. Nf3 Re3 35. Rd2 Nxg4 36. Rxd5 Ne5 37. Nd4 Kxh5 38. Nf5 Nd3+ 39. Rxd3 cxd3 40. Ng7+ Kg4 41. Nxe8 Rxe8 42. Rg1+ Kf5 43. Kd2 f3 0-1

[Event "Commonwealth-ch"]
[Site "New Delhi"]
[Date "2019.07.01"]
[Round "3"]
[White "Saurabh, Anand"]
[Black "Sa, Kannan"]
[Result "0-1"]
[WhiteElo "2351"]
[BlackElo "1947"]
[PlyCount "49"]
[EventDate "2019.06.30"]
[EventType "swiss"]
[EventRounds "9"]
[EventCountry "IND"]
[SourceTitle "CBM 191 Extra"]
[Source "ChessBase"]
[SourceDate "2019.09.30"]
[SourceVersion "1"]
[SourceVersionDate "2019.09.30"]
[SourceQuality "1"]

1. e4 e6 2. d4 b6 3. Nf3 Bb7 4. Bd3 Nf6 5. Qe2 c5 6. c3 cxd4 7. cxd4 Nc6 8. a3 d5 9. e5 Ne4 10. 0-0 Be7 11. Bxe4 dxe4 12. Qxe4 Qd7 13. Nc3 0-0-0 14. Rd1 g5 15. d5 Na5 16. Qc2 exd5 17. Nxg5 Qc6 18. Qf5+ Kb8 19. Ne2 d4 20. Nf3 Nb3 21. Rb1 d3 22. Nf4 Rhg8 23. Kf1 d2 24. Nxd2 Rxg2 25. Ke2 0-1

[Event "Chennai op 11th"]
[Site "Chennai"]
[Date "2019.01.19"]
[Round "2"]
[White "Sa, Kannan"]
[Black "Karthik, Venkataraman"]
[Result "0-1"]
[WhiteElo "2026"]
[BlackElo "2515"]
[PlyCount "128"]
[EventDate "2019.01.18"]
[EventType "swiss"]
[EventRounds "10"]
[EventCountry "IND"]
[SourceTitle "CBM 188 Extra"]
[Source "ChessBase"]
[SourceDate "2019.02.26"]
[SourceVersion "1"]
[SourceVersionDate "2019.02.26"]
[SourceQuality "1"]

1. d4 Nf6 2. c4 e6 3. Nc3 Bb4 4. Qc2 0-0 5. a3 Bxc3+ 6. Qxc3 d6 7. Nf3 b6 8. g3 Bb7 9. Bg2 a5 10. b3 Nbd7 11. 0-0 Qb8 12. Bb2 Be4 13. Nd2 Bxg2 14. Kxg2 Qb7+ 15. Qf3 d5 16. a4 Rfe8 17. Rfd1 h6 18. Rac1 c6 19. e4 b5 20. e5 Nh7 21. cxb5 cxb5 22. axb5 Qxb5 23. Rc7 a4 24. bxa4 Qxa4 25. h4 Nhf8 26. Nf1 Qb5 27. Ba3 Rec8 28. Rdc1 Rxc7 29. Rxc7 Qb6 30. Bd6 Qxd4 31. Bxf8 Nxe5 32. Qf4 Qxf4 33. gxf4 Ng6 34. Bc5 Nxf4+ 35. Kf3 Ra4 36. Ra7 Rc4 37. Nd2 Rxc5 38. Kxf4 h5 39. Nf3 f6 40. Re7 Rc4+ 41. Ke3 e5 42. Rd7 Re4+ 43. Kd3 Rf4 44. Ke2 d4 45. Rd8+ Kf7 46. Rd6 Re4+ 47. Kf1 Rg4 48. Ke2 Re4+ 49. Kf1 Kg6 50. Rd7 Rg4 51. Re7 Kf5 52. Ke2 Kg6 53. Rd7 Kf5 54. Re7 g6 55. Re8 Re4+ 56. Kf1 Rf4 57. Kg2 Rg4+ 58. Kf1 Ke4 59. Nd2+ Kd3 60. Nf3 e4 61. Ne1+ Kd2 62. Ng2 f5 63. Rd8 d3 64. Rf8 Rxg2 0-1

[Event "Mumbai Wealth rating op 4th"]
[Site "Mumbai"]
[Date "2019.01.04"]
[Round "6"]
[White "Sa, Kannan"]
[Black "Shivasubramanian, R."]
[Result "1-0"]
[WhiteElo "2069"]
[BlackElo "1738"]
[PlyCount "75"]
[EventDate "2018.12.30"]
[EventType "swiss"]
[EventRounds "9"]
[EventCountry "IND"]
[SourceTitle "CBM 188 Extra"]
[Source "ChessBase"]
[SourceDate "2019.02.26"]
[SourceVersion "1"]
[SourceVersionDate "2019.02.26"]
[SourceQuality "1"]

1. Nc3 d5 2. d4 Nf6 3. Bf4 c6 4. e3 Bf5 5. Bd3 e6 6. Nge2 h5 7. Bxf5 exf5 8. Qd3 g6 9. 0-0 Bd6 10. f3 Bxf4 11. Nxf4 Qc7 12. Nh3 Nbd7 13. e4 0-0-0 14. e5 Nh7 15. f4 Ndf8 16. b4 Ne6 17. Ne2 Nhf8 18. a4 Nd7 19. a5 a6 20. Nc3 f6 21. Ra3 Kb8 22. Na4 g5 23. Nc5 Ndxc5 24. bxc5 g4 25. Nf2 Nxf4 26. Qe3 fxe5 27. dxe5 Ne6 28. Nd3 d4 29. Qe2 Rhf8 30. Rb1 Rf7 31. Rb6 Ka7 32. Rab3 Qc8 33. Nb4 Nxc5 34. Qc4 Nxb3 35. Qxf7 Rd7 36. Qxb3 c5 37. Qc4 d3 38. Nxd3 1-0

[Event "IND-ch 56th"]
[Site "Jammu"]
[Date "2018.12.11"]
[Round "5"]
[White "Akash, G."]
[Black "Sa, Kannan"]
[Result "1-0"]
[WhiteElo "2443"]
[BlackElo "2069"]
[PlyCount "111"]
[EventDate "2018.12.08"]
[EventType "swiss"]
[EventRounds "13"]
[EventCountry "IND"]
[SourceTitle "CBM 187 Extra"]
[Source "ChessBase"]
[SourceDate "2018.11.04"]
[SourceVersion "1"]
[SourceVersionDate "2018.11.04"]
[SourceQuality "1"]

1. e4 e5 2. Nf3 Nc6 3. Bb5 Nf6 4. d3 d6 5. c4 Be7 6. Nc3 0-0 7. h3 Bd7 8. 0-0 Kh8 9. Be3 Ng8 10. Bxc6 Bxc6 11. d4 exd4 12. Nxd4 Bf6 13. Qd3 Qd7 14. Nf5 Rae8 15. f3 b6 16. Bd4 Bxd4+ 17. Qxd4 f6 18. Qd2 Ne7 19. g4 Nxf5 20. exf5 Qf7 21. b3 g6 22. fxg6 hxg6 23. Ne2 Kg7 24. Rae1 Bb7 25. Nf4 Re5 26. Nd3 Rxe1 27. Qxe1 Re8 28. Qd2 Re7 29. Kf2 Qe8 30. Nf4 Re5 31. h4 Qc6 32. Qd3 f5 33. gxf5 Qc5+ 34. Kg3 gxf5 35. Qc3 Kh7 36. Re1 Rxe1 37. Qxe1 Qe5 38. Qxe5 dxe5 39. Ne6 f4+ 40. Kf2 c5 41. Nd8 Ba8 42. Nf7 Kg6 43. Nxe5+ Kf5 44. Nf7 Kg6 45. Nd8 Kh5 46. Ne6 Kxh4 47. Nxf4 Kg5 48. Ke3 Kf6 49. Ne2 Bc6 50. Nc3 Ke5 51. a3 Bd7 52. f4+ Kf5 53. Nb5 a6 54. Nc7 a5 55. a4 Kg6 56. Nd5 1-0

[Event "Gujarat op 1st"]
[Site "Ahmedabad"]
[Date "2018.10.07"]
[Round "3"]
[White "Bharath, Subramaniyam H"]
[Black "Sa, Kannan"]
[Result "1-0"]
[WhiteElo "2276"]
[BlackElo "1977"]
[PlyCount "69"]
[EventDate "2018.10.05"]
[EventType "swiss"]
[EventRounds "10"]
[EventCountry "IND"]
[SourceTitle "CBM 186 Extra"]
[Source "ChessBase"]
[SourceDate "2018.08.24"]
[SourceVersion "1"]
[SourceVersionDate "2018.08.24"]
[SourceQuality "1"]

1. e4 f6 2. d4 e6 3. Nf3 b6 4. Bd3 Bb7 5. 0-0 g6 6. Nc3 Nh6 7. e5 Nf7 8. Ne4 Bg7 9. exf6 Bxf6 10. Ne5 Bxe5 11. dxe5 Qe7 12. f4 Bxe4 13. Bxe4 Qc5+ 14. Kh1 Nc6 15. Qd3 Rd8 16. Be3 Qe7 17. Rad1 0-0 18. Qe2 Qb4 19. c4 Ne7 20. a3 Qa4 21. Bf2 d5 22. cxd5 Nxd5 23. Bxd5 Rxd5 24. Rxd5 exd5 25. b4 Qc6 26. e6 Nd6 27. e7 Rf7 28. Qe5 Qe8 29. Re1 Ne4 30. Bh4 g5 31. Qxd5 Nd6 32. Qxg5+ Rg7 33. Qd5+ Rf7 34. Bf6 h6 35. Re3 1-0

[Event "Madurai op 1st"]
[Site "Madurai"]
[Date "2017.08.15"]
[Round "8"]
[White "Sa, Kannan"]
[Black "Prasannaa, S."]
[Result "0-1"]
[WhiteElo "1960"]
[BlackElo "2175"]
[PlyCount "60"]
[EventDate "2017.08.12"]
[EventType "swiss"]
[EventRounds "8"]
[EventCountry "IND"]
[SourceTitle "CBM 180 Extra"]
[Source "ChessBase"]
[SourceDate "2017.10.06"]
[SourceVersion "1"]
[SourceVersionDate "2017.10.06"]
[SourceQuality "1"]

1. d4 d6 2. e4 Nf6 3. Nc3 c6 4. Nf3 Bg4 5. h3 Bh5 6. g4 Bg6 7. Bd3 e6 8. Bg5 Be7 9. Qe2 Nbd7 10. Qe3 e5 11. Ne2 Qb6 12. 0-0-0 h6 13. dxe5 hxg5 14. Qxb6 axb6 15. exf6 Bxf6 16. Kb1 Ra4 17. Ng3 Ne5 18. Nxe5 Bxe5 19. Nf5 Bxf5 20. gxf5 Ke7 21. a3 Bd4 22. Bb5 cxb5 23. b3 Bxf2 24. bxa4 bxa4 25. c4 Bc5 26. Rd3 Kf6 27. Rg3 Rh5 28. Kc2 Ke5 29. Kd3 f6 30. Rg2 Rh4 0-1

[Event "IND-ch U25"]
[Site "Kankarbagh"]
[Date "2015.10.17"]
[Round "7"]
[White "Pimpalkhare, Vedant"]
[Black "Sa, Kannan"]
[Result "0-1"]
[WhiteElo "1854"]
[BlackElo "2029"]
[PlyCount "42"]
[EventDate "2015.10.13"]
[EventType "swiss"]
[EventRounds "9"]
[EventCountry "IND"]
[SourceTitle "CBM 168 Extra"]
[Source "ChessBase"]
[SourceDate "2015.10.29"]
[SourceVersion "1"]
[SourceVersionDate "2015.10.29"]
[SourceQuality "1"]

1. Nf3 d5 2. d4 Nf6 3. e3 c6 4. Bd3 Bg4 5. b3 Nbd7 6. Bb2 e6 7. Nbd2 Bd6 8. 0-0 Qc7 9. h3 h5 10. c4 Bxf3 11. Qxf3 g5 12. e4 Bh2+ 13. Kh1 Bf4 14. Rfd1 g4 15. Qe2 gxh3 16. gxh3 Bxd2 17. Rxd2 Qf4 18. Re1 dxe4 19. Bxe4 Nxe4 20. Rc2 Ndf6 21. Bc1 Qf5 0-1

[Event "IND-ch U25"]
[Site "Kankarbagh"]
[Date "2015.10.16"]
[Round "5"]
[White "Sa, Kannan"]
[Black "Ved, Prakash"]
[Result "1-0"]
[WhiteElo "2029"]
[BlackElo "1729"]
[PlyCount "105"]
[EventDate "2015.10.13"]
[EventType "swiss"]
[EventRounds "9"]
[EventCountry "IND"]
[SourceTitle "CBM 168 Extra"]
[Source "ChessBase"]
[SourceDate "2015.10.29"]
[SourceVersion "1"]
[SourceVersionDate "2015.10.29"]
[SourceQuality "1"]

1. d4 Nf6 2. Nf3 b6 3. Bg5 Bb7 4. Nbd2 e6 5. e3 Be7 6. Bd3 0-0 7. c3 d6 8. Qc2 h6 9. h4 Nbd7 10. 0-0-0 c5 11. Rdg1 Rc8 12. g4 c4 13. Bxf6 cxd3 14. Bxe7 dxc2 15. Bxd8 Rcxd8 16. Kxc2 f5 17. g5 h5 18. g6 Nf6 19. Rh3 Ng4 20. Rg2 Rf6 21. Rhg3 Rxg6 22. Rg1 Rf8 23. Nh2 f4 24. exf4 Rxf4 25. Nxg4 hxg4 26. f3 Bxf3 27. Nxf3 Rxf3 28. Rxg4 Rxg4 29. Rxg4 Kf7 30. c4 e5 31. dxe5 dxe5 32. b4 Rf2+ 33. Kb3 Kf6 34. c5 bxc5 35. bxc5 Rf3+ 36. Kc4 Ra3 37. Rg2 Ra4+ 38. Kb5 Rxh4 39. c6 g5 40. c7 Rh8 41. Ka6 e4 42. Kxa7 Kf5 43. Kb7 e3 44. c8Q+ Rxc8 45. Kxc8 Kf4 46. a4 g4 47. a5 Kf3 48. Rg1 e2 49. a6 Kf2 50. Rb1 g3 51. a7 g2 52. a8Q g1Q 53. Qa7+ 1-0

[Event "IND-ch U25"]
[Site "Kankarbagh"]
[Date "2015.10.15"]
[Round "4"]
[White "Sahil, Dhawan"]
[Black "Sa, Kannan"]
[Result "1/2-1/2"]
[WhiteElo "1761"]
[BlackElo "2029"]
[PlyCount "51"]
[EventDate "2015.10.13"]
[EventType "swiss"]
[EventRounds "9"]
[EventCountry "IND"]
[SourceTitle "CBM 168 Extra"]
[Source "ChessBase"]
[SourceDate "2015.10.29"]
[SourceVersion "1"]
[SourceVersionDate "2015.10.29"]
[SourceQuality "1"]

1. c4 Nf6 2. Nc3 d5 3. cxd5 Nxd5 4. g3 c6 5. Bg2 Nxc3 6. bxc3 e5 7. Nf3 Bd6 8. 0-0 0-0 9. d4 exd4 10. cxd4 Bg4 11. h3 Bxf3 12. Bxf3 Qc7 13. e4 f6 14. Rb1 Kh8 15. Qb3 b6 16. Bg2 Nd7 17. f4 Rad8 18. Bb2 c5 19. e5 fxe5 20. fxe5 Be7 21. e6 Nf6 22. d5 c4 23. Qc3 b5 24. Ba3 a6 25. Bxe7 Qxe7 26. Rbd1 1/2-1/2

[Event "Sivakasi op 1st"]
[Site "Sivakasi"]
[Date "2015.05.19"]
[Round "5"]
[White "Sa, Kannan"]
[Black "Deepan Chakkravarthy, J."]
[Result "0-1"]
[WhiteElo "2015"]
[BlackElo "2487"]
[PlyCount "64"]
[EventDate "2015.05.17"]
[EventType "swiss"]
[EventRounds "9"]
[EventCountry "IND"]
[SourceTitle "CBM 166 Extra"]
[Source "ChessBase"]
[SourceDate "2015.06.18"]
[SourceVersion "1"]
[SourceVersionDate "2015.06.18"]
[SourceQuality "1"]

1. d4 e6 2. Nf3 Nf6 3. Bg5 h6 4. Bxf6 Qxf6 5. Nbd2 d6 6. e3 g6 7. c3 Bg7 8. Bd3 Nd7 9. Qe2 Qe7 10. 0-0-0 a6 11. Ne1 b5 12. f4 Bb7 13. e4 b4 14. Nc2 bxc3 15. bxc3 c5 16. Nf3 cxd4 17. cxd4 0-0 18. Kd2 e5 19. fxe5 dxe5 20. d5 f5 21. Ke1 Nc5 22. Bc4 Qd6 23. exf5 gxf5 24. Nd2 Kh8 25. Rf1 Na4 26. Nb1 Rac8 27. Bb3 Nb2 28. Kf2 a5 29. Nca3 e4 30. Kg1 Ba6 31. Qe3 Nxd1 32. Rxd1 Bd3 0-1

[Event "Chennai op 7th"]
[Site "Chennai"]
[Date "2015.01.01"]
[Round "4"]
[White "Karthikeyan, Pandian"]
[Black "Sa, Kannan"]
[Result "1-0"]
[WhiteElo "2400"]
[BlackElo "1932"]
[PlyCount "79"]
[EventDate "2014.12.30"]
[EventType "swiss"]
[EventRounds "10"]
[EventCountry "IND"]
[SourceTitle "CBM 164 Extra"]
[Source "ChessBase"]
[SourceDate "2015.03.02"]
[SourceVersion "1"]
[SourceVersionDate "2015.03.02"]
[SourceQuality "1"]

1. d4 d5 2. c4 e6 3. Nf3 Nf6 4. Nc3 c6 5. g3 Ne4 6. Bg2 f5 7. 0-0 Bd6 8. Qc2 0-0 9. Ne5 Nd7 10. Nd3 Qf6 11. e3 g5 12. f3 Nxc3 13. Qxc3 Qg7 14. Bd2 h5 15. e4 dxc4 16. Qxc4 Nb6 17. Qc2 Qxd4+ 18. Kh1 Qg7 19. Bc3 Qg6 20. Ne5 Bxe5 21. Bxe5 Bd7 22. a4 Be8 23. a5 Nd7 24. Bd6 Rf7 25. a6 Nf6 26. axb7 Rxb7 27. Bc5 Rf7 28. Qc4 Nd7 29. Bd4 Nf8 30. Rfe1 Kh7 31. Bc3 Qg8 32. Ra5 Rd8 33. Re5 h4 34. exf5 hxg3 35. fxe6 Rf4 36. e7 Qxc4 37. exd8Q Rh4 38. Qxe8 Rxh2+ 39. Kg1 Ng6 40. Rxg5 1-0